Historia de la filosofía antigua y medieval / (Record no. 104341)

MARC details
000 -LEADER
campo de control de longitud fija 00975nam a2200241 i 4500
001 - NÚMERO DE CONTROL
campo de control 104341
003 - IDENTIFICADOR DE NÚMERO DE CONTROL
campo de control ES-MaACL
005 - FECHA Y HORA DE LA ÚLTIMA TRANSACCIÓN
campo de control 20250905161839.0
007 - CAMPO FIJO DE DESCRIPCIÓN FÍSICA--INFORMACIÓN GENERAL
campo de control de longitud fija t|
008 - DATOS DE LONGITUD FIJA--INFORMACIÓN GENERAL
campo de control de longitud fija 051128s1982 sp |||| | spa d
245 00 - MENCIÓN DEL TÍTULO
Título Historia de la filosofía antigua y medieval /
Mención de responsabilidad, etc. [bajo la dirección Antonio Millán Puelles ; preparada por José Mª Benavente Barreda, Fernando Quesada Castro].
260 ## - PUBLICACIÓN, DISTRIBUCIÓN, ETC.
Lugar de publicación, distribución, etc. Madrid :
Nombre del editor, distribuidor, etc. Universidad Nacional de Educación a Distancia,
Fecha de publicación, distribución, etc. 1982.
300 ## - DESCRIPCIÓN FÍSICA
Extensión 1 v. (218 p.) ;
Dimensiones 30 cm.
594 ## - Nota al título y mención de responsabilidad
Nota al título y mención de responsabilidad Antonio Millán Puelles: tomado de la portada de las unidades didácticas.
597 ## - NOTA DE DESCRIPCIÓN FÍSICA
NOTA DE DESCRIPCIÓN FÍSICA Paginación varia.
650 #4 - PUNTO DE ACCESO ADICIONAL DE MATERIA--TÉRMINO DE MATERIA
Término de materia o nombre geográfico como elemento de entrada Filosofía-
Subdivisión de forma Historia.
9 (RLIN) 158248
700 1# - ENTRADA AGREGADA--NOMBRE PERSONAL
Nombre de persona Millán Puelles, Antonio,
Fechas asociadas al nombre 1921-2005
9 (RLIN) 81155
700 1# - ENTRADA AGREGADA--NOMBRE PERSONAL
Nombre de persona Benavente Barreda, José María.
9 (RLIN) 27446
700 1# - ENTRADA AGREGADA--NOMBRE PERSONAL
Nombre de persona Quesada Castro, Fernando
9 (RLIN) 94566
710 2# - ENTRADA AGREGADA--NOMBRE DE ENTIDAD CORPORATIVA
Nombre de entidad corporativa o nombre de jurisdicción como elemento de entrada Universidad Nacional de Educación a Distancia (España)
9 (RLIN) 7405
852 ## - LOCALIZACIÓN
Ubicación ES-MaACL
Número de control de estantería L-2643
Holdings
Estatus retirado Estado de pérdida Estado de daño No para préstamo Biblioteca de origen Biblioteca actual Ubicación en estantería Fecha de adquisición Fuente de adquisición Total de préstamos Signatura topográfica completa Código de barras Visto por última vez Precio de reemplazo Tipo de ítem Koha
        Biblioteca del Ateneo de Madrid Biblioteca del Ateneo de Madrid Depósito 2 17/01/2008     L-2643 1108943 23/02/2023 23/02/2023 Libro impreso